| 000 | 00351nam a22001457a 4500 | ||
|---|---|---|---|
| 003 | SGT | ||
| 020 | _a9788173177347 | ||
| 082 | _a658.4038011 SIN | ||
| 100 | _aSINGH,VISHNU PRIYA | ||
| 245 | _aQUINTESSENTIAL COURSE TALLY. ERP 9 | ||
| 260 |
_aNEW DELHI _bCOMPUTECH PUBLICATIONS LIMITED _c2016 |
||
| 300 | _a632 | ||
| 650 | _aTALLY | ||
| 942 |
_2ddc _cFCM |
||
| 999 |
_c10312 _d10312 |
||